| 000 | 00457nam a2200181Ia 4500 | ||
|---|---|---|---|
| 003 | GCL | ||
| 008 | 140319s9999 xx 000 0 eng d | ||
| 040 |
_aGCL / _cGCL |
||
| 082 | 0 | 4 |
_a671.53 _bS M |
| 100 | 1 | _aSHAW, MILTON | |
| 245 | 1 | 0 |
_aMETAL CUTTING PRINCIPLES / _cSHAW, MILTON |
| 260 |
_a[S.N] : _bCLAREDON PRESS OXFORD ، _c1997 |
||
| 300 | _a594 P | ||
| 650 | 0 | 4 | _aTECHNOLOGY |
| 650 | 0 | 4 | _aMETALLURGY |
| 650 | 0 | 4 | _aMETAL - CUTTING |
| 942 |
_2ddc _cBK |
||
| 999 |
_c16252 _d16252 |
||